LEADER 00974nam a2200253 i 4500 001 000000164161 003 CaOOAMICUS 005 20070905000000.0 008 070905s1969 it u000 u ita u 013 $a141528 040 $aSeMil$bita 100 1 $aPiccioni, Leone,$d<1925-2018>.$0(OLS)http://semarc/name/90407 245 10$aMaestri e amici /$cLeone Piccioni. 260 $aMilano :$bRizzoli,$ccopyr. 1969. 300 $a260 p. ;$c21 cm. 490 0 $aDocumenti letterari 650 4$aLetteratura italiana - Sec. 20.$0(OLS)http://semarc/subject/1259 650 4$aArte - Italia - Sec. 20.$0(OLS)http://semarc/subject/6405 830 0$aDocumenti letterari.$0(OLS)http://semarc/title/7930 850 $aSeMil 852 $aSeMil$W1$xVenegono$y1$m1O III 281$j240051$B115449$CSeMilBibl$Z2$F126310 $81 961 $aRecupero: Altro 996 $6245$aMaestri e amici$9(OLS)http://semarc/title/234198 996 $6260$aMilano :$bRizzoli$9(OLS)http://semarc/publisher/29824 LEADER 00867nam a2200229 i 4500 001 000000198737 003 CaOOAMICUS 005 20110309000000.0 008 110309s1968 it u000 u ita u 013 $a177427 040 $aSeMil$bita 100 1 $aTaviani, Paolo Emilio,$d<1912-2001>.$0(OLS)http://semarc/name/9389 245 10$aBreve storia dell'insurrezione di Genova /$cPaolo Emilio Taviani. 250 $a7. Ed. 260 $aRoma :$b[s.n.],$c1968. 300 $a80 p. ;$c20 cm. 650 4$aGenova - Insurrezione - 1943.$0(OLS)http://semarc/subject/37335 850 $aSeMil 852 $aSeMil$W1$xVenegono$y1$m5D VIII 14/27$j149293$B149293$CSeMilBibl$Z2$F160658 $81 961 $aOmaggio: Altro 996 $6245$aBreve storia dell'insurrezione di Genova$9(OLS)http://semarc/title/287250 996 $6260$aRoma :$b[s.n.]$9(OLS)http://semarc/publisher/29738